Libro rojo de las aves del Ecuador / (Registro nro. 2789)

Detalles MARC
000 -CABECERA
Campo de control 00999nam a2200289 i 4500
005 - FECHA Y HORA DE LA ULTIMA TRANSACCION
Campo de control 20191224041650.0
008 - ELEMENTOS DE LONGITUD FIJA—INFORMACION GENERAL
Campo de control 140306s2002 ec ||||| |||| 00| 0 spa d
040 ## - FUENTE DE CATALOGACIÓN
Agencia catalogadora original CO-BoIAVH
Agencia transcriptora CO-BoIAVH
041 ## - IDIOMA
Código de idioma para texto/pista de sonido o título separado Español
044 ## - PAÍS DE PUBLICACIÓN
País de publicación Ecuador
082 04 - NUMERO DE CLASIFICACION DECIMAL DEWEY
Número de clasificación 598.09866
Número del ítem R74l
245 00 - MENCION DE TITULO
Título Libro rojo de las aves del Ecuador /
Mención de responsabilidad Tarsicio Granizo editor.
260 ## - PUBLICACION, DISTRIBUCION, ETC. (PIE DE IMPRENTA)
Lugar de publicación, distribución, etc. Quito :
Nombre del editor, distribuidor, etc. SIMBIOE
-- Conservation International
-- EcoCiencia
-- UICN-Sur
-- SIMBIOE,
Fecha de publicación, distribución, etc. 2002
300 ## - DESCRIPCION FISICA
Extensión 462 p.
650 14 - ASIENTO SECUNDARIO DE MATERIA - TERMINO TEMATICO
Término temático o nombre geográfico como elemento de entrada Aves
Subdivisión general Distribución geográfica
Subdivisión geográfica Ecuador
9 (RLIN) 52868
650 ## - ASIENTO SECUNDARIO DE MATERIA - TERMINO TEMATICO
Término temático o nombre geográfico como elemento de entrada Diversidad biológica
Subdivisión general Conservación
9 (RLIN) 52869
650 ## - ASIENTO SECUNDARIO DE MATERIA - TERMINO TEMATICO
Término temático o nombre geográfico como elemento de entrada Conservación del medio ambiente
9 (RLIN) 52870
650 ## - ASIENTO SECUNDARIO DE MATERIA - TERMINO TEMATICO
Término temático o nombre geográfico como elemento de entrada Fauna amenazada
9 (RLIN) 1355
650 ## - ASIENTO SECUNDARIO DE MATERIA - TERMINO TEMATICO
Término temático o nombre geográfico como elemento de entrada Listas rojas UICN
9 (RLIN) 1359
650 ## - ASIENTO SECUNDARIO DE MATERIA - TERMINO TEMATICO
Término temático o nombre geográfico como elemento de entrada Distribución geográfica de especies
9 (RLIN) 4687
662 ## - ASIENTO SECUNDARIO DE MATERIA - JERARQUIA DEL NOMBRE DE LUGAR(
País o entidad mayor Ecuador
700 ## - ASIENTO SECUNDARIO - NOMBRE PERSONAL
Nombre personal Pacheco, Cecilia
9 (RLIN) 17449
700 ## - ASIENTO SECUNDARIO - NOMBRE PERSONAL
Nombre personal Ribadeneira, María Belén
9 (RLIN) 17450
700 ## - ASIENTO SECUNDARIO - NOMBRE PERSONAL
Nombre personal Guerrero, Mauricio
9 (RLIN) 17451
700 ## - ASIENTO SECUNDARIO - NOMBRE PERSONAL
Nombre personal Granizo, Tarsicio,
Término de relación editor
9 (RLIN) 1912
942 ## - ELEMENTOS ADICIONALES (KOHA)
Tipo de ítem Libro
Sistema de clasificación Dewey Decimal Classification
Koha issues (borrowed), all copies 1
Existencias
Withdrawn status Lost status Sistema de Clasificación Damaged status No para préstamo Colección Inventariado Ubicación Permanente Ubicación actual Fecha de adquisición Fuente de Valor Valor Total Checkouts Total Renewals Número topográfico Inventario / Código de Barras Date last seen Date checked out Ejemplar Price effective from Tipo de material Forma de adquisición
    Dewey Decimal Classification     General Inventariado 2017 Bogotá Bogotá 26/06/2002 Instituto 30000.00 1 2 LB-598.09866 R74l 003293 18/01/2017 16/11/2016 Ej. 1 04/12/2012 Libro  
    Dewey Decimal Classification     General Inventariado 2017 Sala Fabio Quevedo Sala Fabio Quevedo 24/08/2004 Instituto 30000.00     LB-598.09866 R74l 016492 04/12/2012   Ej. 2 04/12/2012 Libro Donación